Statistics for Top Five Points of Interest By Country #2

Click here to take the quiz!

General Stats

  • This quiz has been taken 65 times
  • The average score is 5 of 30

Answer Stats

CountryAnswer% Correct
AustraliaSydney Opera House
74%
GreeceParthenon
61%
CanadaCN Tower
57%
GermanyBrandenburg Gate
51%
GermanyBerlin Wall
49%
IsraelWestern Wall
44%
GreeceAcropolis
43%
CanadaNiagara Falls
43%
SpainAlhambra
23%
AustraliaSydney Harbour Bridge
23%
CanadaBanff National Park
20%
GermanyCologne Cathedral
16%
GermanyNeuschwanstein Castle
11%
AustraliaBondi Beach
10%
SpainMuseo Nacional Del Prado
5%
IsraelSea of Galilee
5%
AustraliaGreat Ocean Road
3%
CanadaStanley Park
3%
IsraelYad Vashem
3%
AustraliaPort Jackson
2%
GermanyReichstag Building
2%
CanadaRoyal Ontario Museum
2%
SpainCasa Batlló
0%
IsraelChurch of the Holy Sepulchre
0%
SpainGothic Quarter, Barcelona
0%
GreeceMeteora
0%
SpainMosque of Córdoba
0%
GreeceNational Archaeological Museum of Athens
0%
GreecePlaka
0%
IsraelTower of David
0%

Score Distribution

Percentile by Number Answered

Percent of People with Each Score

Your Score History

You have not taken this quiz